Vplyv zmien medzinárodného marketingového prostredia na produktové portfólio slovenských poisťovní

Úloha medzinárodného marketingu vo finančných službách. Dosahy finančnej krízy na sektor poisťovníctva. Dosah zmien medzinárodného marketingového prostredia na vývoj portfólia poistných produktov.

Saved in:
Bibliographic Details
Main Author: Jamborová, Erika Mária
Format: Book Chapter
Language:Slovak
Subjects:
Tags: Add Tag
No Tags, Be the first to tag this record!

MARC

LEADER 00000nla$a2200000$$$4500
001 0132562
005 20240502083325.5
041 0 |a slo 
044 |a CZ 
245 1 0 |a Vplyv zmien medzinárodného marketingového prostredia na produktové portfólio slovenských poisťovní  |c Erika Mária Jamborová 
520 |a Úloha medzinárodného marketingu vo finančných službách. Dosahy finančnej krízy na sektor poisťovníctva. Dosah zmien medzinárodného marketingového prostredia na vývoj portfólia poistných produktov. 
610 2 0 |a služby finančné 
610 2 0 |a marketing medzinárodný 
610 2 0 |a poisťovníctvo 
610 2 0 |a poisťovne 
610 2 0 |a kríza hospodárska 
610 2 0 |a kríza finančná 
610 2 0 |a Slovensko 
100 1 |a Jamborová, Erika Mária